01861nam a22003494i 4500003000900000005001700009008004100026035001900067040003300086041000800119082002300127110005800150245016200208246006700370264005300437300002700490336002100517337002500538338002300563490004000586500003800626500008200664500009800746504004200844505038800886546002401274650004001298650005201338650003001390650004601420650004501466PE-LiUPU20260325163552.0060301s2006 pe a b 000 0 spa d aPE-LiUPU000013 aPE-LiUPUbspacPE-LiUPUerda0 aspa04a333.823bP471p2TP2 aPerú.bDefensoría del Pueblo,eautor corporativo.13aEl Proyecto Camisea y sus efectos en los derechos de las personas /c[Defensoría del Pueblo, Adjuntía para los Servicios Públicos y el Medio Ambiente].3 aProyecto Camisea y sus efectos en los derechos de las personas 1aLima :bDefensoría del Pueblo,cmarzo de 2006. a101 páginas ;c28 cm atext2rdacontent aunmediated2rdamedia avolume2rdacarrier0 aSerie Informes Defensoriales ;v103 aPrimera edición: marzo de 2006. aHecho el depósito legal en la Biblioteca Nacional del Perú N° 2006-2113. aEl informe fue elaborado por la Adjuntía para los Servicios Públicos y el Medio Ambiente. aIncluye referencias bibliográficas.0 aEl proyecto del gas de Camisea -- Objetivos del informe defensorial -- Competencia de la Defensoría del Pueblo -- Derechos fundamentales y desarrollo sostenible -- Principales actuaciones defensoriales -- Derecho a la vida y la salud de los pueblos indígenas en aislamiento y contacto inicial -- Daños al medio ambiente -- Participación ciudadana y acceso a la información. aTexto en español.18aProyecto CamiseaxAspectos sociales28aProyectos de desarrollozPerúzCamisea (Cus.)20aDerechos humanoszPerú.28aGas naturalxAspectos ambientaleszPerú28aIndígenas del PerúxDerechos civiles